LEADER 01186nam a2200205 i 4500 001 000000171229 003 CaOOAMICUS 005 20080422000000.0 008 080422s1565 it u000 u lat u 013 $a148659 040 $aSeMil$bita 245 12$aL'Architettura ; Tradotta in lingua fiorentina da Cosimo Bartoli, con la aggiunta de' disegni et altri diversi trattati del medesimo autore. 260 $aMondovì (Monte Regale) :$bLionardo Torrentino,$c1565, agosto. 300 $a22 x 33 ;$cpp. 352 con illustrazioni ;$crom. 500 $aDescrizione da : Incunaboli e Cinquecentine della Biblioteca del Seminario di Milano / catalogo a cura di Ubaldo Valentini, Milano 1981. - Numero di catalogo : 22. 700 1 $aAlberti, Leon Battista,$d<1404-1472>.$0(OLS)http://semarc/name/4891 850 $aSeMil 852 $aSeMil$W1$xVenegono$y1$mFV.A VI 35$j122101$B122101$CSeMilBibl$Z2$F133392 $86 996 $6245$aL'Architettura ; Tradotta in lingua fiorentina da Cosimo Bartoli, con la aggiunta de' disegni et altri diversi trattati del medesimo autore$9(OLS)http://semarc/title/244953 996 $6260$aMondovì (Monte Regale) :$bLionardo Torrentino$9(OLS)http://semarc/publisher/49014 LEADER 00641naa a2200145 i 4500 001 000000325268 003 CaOOAMICUS 005 20180831173459.0 008 180831n it u000 u ita u 013 $a36257 040 $aSeMil$bita 100 1 $aSolaro della Margherita, Clemente,$d<1792-1869>.$0(OLS)http://semarc/name/93896 245 10$aMemorandum storico-politico. 773 0 $tVol. 8.$kTesoro cattolico. Classe 3., Eloquenza, letteratura e varietà : scelta di opere antiche e moderne atte a sanar le piaghe religiose e politiche che affliggono l'odierna società$w()246625 996 $6245$aMemorandum storico-politico$9(OLS)http://semarc/title/398443